Konkurencieschopnosť vybranej krajiny a jej výzvy bakalárska práca

Enregistré dans:
Détails bibliographiques
Auteur principal: Rebro, Marek
Collectivité auteur: Obchodná fakulta EU. Katedra medzinárodného obchodu
Autres auteurs: Hrubšová, Andrea, 1999-
Format: Livre
Langue:slovaque
Publié: Bratislava 2025
Tags: Ajouter un tag
Pas de tags, Soyez le premier à ajouter un tag!

MARC

LEADER 00000nbm a2200000 4500
001 0311058
005 20251106111851.8
041 0 |a slo 
044 |a SK 
245 1 0 |a Konkurencieschopnosť vybranej krajiny a jej výzvy  |b bakalárska práca  |c Marek Rebro ; školiteľ: Andrea Hrubšová 
264 1 |a Bratislava  |c 2025 
300 |a 53 s. 
100 1 |a Rebro, Marek 
700 1 |a Hrubšová, Andrea, 1999- 
710 2 |a Obchodná fakulta EU. Katedra medzinárodného obchodu